00932cam a2200289 i 450000100090000000300040000900500170001300800410003001000170007102000180008802000310010602000280013702000280016504000280019304200080022105000210022908200170025010000310026724501370029825000190043526400310045430000230048550000590050850000200056765000200058770000350060719393613OSt20250609152132.0161202s2018 nyu 001 0 eng  a 2016054568 a9789356060128 a9780134184241 (alk. paper) a0134184246 (alk. paper) a0134167120 (alk. paper) aDLCbengcDLCerdadDLC apcc00aHB172b.P53 201800a338.5bPIN/M aPindyck, Robert Seauthor.10aMicroeconomics /cRobert S. Pindyck, Massachusetts Institute of Technology, Daniel L. Rubinfeld, University of California, Berkeley. aNinth Edition. 1aNY, NY :bPearson,c[2018] a756 pages ;c27 cm aRevised edition of the authors' Microeconomics, c2013. aIncludes index. 0aMicroeconomics.1 aRubinfeld, Daniel L.,eauthor.